| 000 | 00436nam a2200157 4500 | ||
|---|---|---|---|
| 001 | 116788 | ||
| 003 | ES-MaACL | ||
| 005 | 20230906190753.0 | ||
| 007 | t| | ||
| 008 | 061121s1968 sp r ||||1| und d | ||
| 100 | 1 |
_aPavelic, Ante. _989678 |
|
| 245 | 1 | 0 |
_aDozivljaji / _cAnte Pavelic. |
| 260 |
_aMadrid : _b[s. n.], _c1968 ( _fImp. Suc. Vda. Galo Sèz) |
||
| 300 |
_a512 p., 1 lám. ; _c22 cm. |
||
| 852 |
_aES-MaACL _jC-52401 _bR.66243 |
||
| 999 |
_c116788 _d116788 |
||